00654nam a22002057a 450000500170000001000150001702000260003203500130005803700130007108200110008424501390009526000350023427000670026930000260033650000190036265000220038165000090040370000190041270000170043120100820152056.0 aENG-101094 a9789380502250c440.00 aEN-84657 bDBAD/PUB a320.95 aSouth and southeast Asia :bresponding to changing geo-political and security challenges /cedited by K. V. Kesavan [and] Daljit Singh aNew DelhibKW Publishersc2010 a4676/21, First Floor, Ansari Road DaryaganjbNew Delhie110002 axiii,166p.c24cm (Hb) aincludes index aPolitical Science zAsia aKesavan, K. V. aDaljit Singh